Quizzes
Events
Quiz Creation
Community
Videos
Private Events
Remove Ads
Sign In
Join for FREE
Feedback
Dark Mode
Quiz Categories
Sports
Geography
Music
Movies
Television
Just For Fun
Miscellaneous
History
Literature
Language
Science
Gaming
Entertainment
Religion
Holiday
For Kids
Quiz Lab
Recent
Popular Today
Quiz Kudos Today
Editor Picks
Curator Picks
Quizzes by...
Day
Popularity
Type
Ratings
Length
Year
Community
Subscriptions
Recent Discussions
Orange Saloon
Badges
Playlists
Quests
Create
Leaderboards
Showdown
Live 5
Trivia Bingo
Activity
Puzzle Library
Sporcle Events
Private Events
Virtual Trivia
Globe League
Become a Host
Pub Owners
SporcleCon
Opinionation
Our Games
Videos
Blog
Mobile Apps
Partnerships
Remove Ads and Go Orange
Feedback
Science
Computer
Plants
Astronomy
Chemistry
Elements
Math
Animal
Physics
Anatomy
Biology
Geology
General Science
Science
Computer
Plants
Astronomy
Chemistry
Elements
Math
Animal
Physics
Anatomy
Biology
Geology
General Science
Random Quiz
Search Sporcle
×
Quiz Lab
Quiz Lab
Science
earth
Type in answers that appear in a list
Type in answers that appear in a list
Classic
Best Score? Go Orange.
Earth 30 Stats
Can you name the Earth 30 ?
By
UCSB2014
5m
20 Questions
6 Plays
6 Plays
6 Plays
Comments
Comments
Give Quiz Kudos
Give Quiz Kudos
-
- Ratings
hide this ad
Replay
Link that replays current quiz
Next Quiz
Link to next quiz in quiz playlist
You Got
0%
They Got
Avg Score
65%
Avg Friend Score
Upgrade to see
Score Distribution
Jump to the score distribution portion of the page
Score
0/20
Timer
05:00
0
Plays Today
% Correct
Pangea or Rodinia
100%
bird hips
100%
Smilodon
83.3%
Black and white vision colored vision evolved in primates
83.3%
mass extinction
66.7%
Sauropods
66.7%
Early Horses
66.7%
Georges Cuvier
66.7%
gastric stones
66.7%
Synapsids
66.7%
% Correct
Diapsids
66.7%
Saurischia more specifically Theropods
66.7%
Paul Hoffman
66.7%
Cyanobacteria DNA
66.7%
Amniotic Egg
50%
Earliest Animals
50%
Analogous Features
50%
turtle
50%
Ornithischia and Saurischia
50%
Early Devonion Plants
33.3%
Quiz Playlist
Details
Report
Send in Message
Add To Playlist
Classic:
Type in answers that appear in a list
Last Updated: Feb 16, 2017
Quiz Scoreboard
CHALLENGE
Sign Up to Join the Scoreboard
Show All
Scores
Hide
Comments
May contain spoilers
Recently Published
9x9 Crossword: Cartoon Network
by jackfrog10
Miscellaneous
3m
College Basketball Coaching Resumes
by pancakes188
Sports
9m
Billboard Blitz: Fleetwood Mac
by CooCooCachoo
Music
15s
More to Explore
Quiz From the Vault
Featured Blog Post
Where Did the Easter Bunny Come From?
hide this ad
You Might Also Like...
Tags
earth
Today's Top Quizzes in Science
Browse Science
hide this ad
Today's Top Quizzes in earth
Browse earth
Top Contributed Quizzes in Science
1
Quick Pick: Radians
2
Quick Pick: 'CI-CJ' Animals
3
The First 100 Digits of Pi
4
Elements In Images
5
One Thing in Common: Science
6
Science Jokes
7
One Thing in Common: Science II
8
Name the Acid, Base or Salt
9
One Thing in Common: Animals
10
One Thing in Common: Science III
Explore More
Trending Topics
Harry Potter
Kpop
NBA
Disney
Anime
Marvel
Crossword
The Office
Pokémon
Soccer
NFL
Song
WWE
Puzzle
Country
hide this ad
More By:
UCSB2014
Quiz
Plays
Rating
Category
Featured
Created
Dinosaurs
68
3.00
Science
Mar 13, 2011
EArth 30 !!!!
7
1.00
Science
Mar 13, 2011
Earth 30
6
Science
Mar 13, 2011
Earth 30 quiz for Kevin
5
Science
Mar 13, 2011
earth30 two
4
5.00
Science
Mar 13, 2011
Go to Creator's Profile
Score Distribution
Quiz Creator Spotlight
UCSB2014
Follow
Send a Message
Quizzes Created
-
Created Quiz Play Count
-
More By This Creator
Popular Quizzes Today
1
Find the US States - No Outlines Minefield
2
Find the Countries of Europe - No Outlines Minefield
3
The Countries of the World
4
Find the US States
5
Risky Map Clicking: Biggest States A-Z
6
US States
7
Popular People in 1961
8
Movies - When Are They Set?
More Science Quizzes
Pick a computer/ TV/ phone cable
Editor's Pick
Trending Quizzes
Risky Map Clicking: Least Populous States A-Z
1-10 Letter G Words
1-10 Letter F Words
Risky Map Clicking: Next State Alphabetically
Adjectives in 80s TV Shows
Recently Updated
Leaping Animals
pecheneg
Reality TV Shows (A-Z)
bhenderson79
Rickey Henderson's Hall of Fame Teammates
pecheneg
Champions League XIs: Arsenal
pecheneg
Quick Pick: Celebrities in WWE's Hall of Fame
aduchscher
A-Z Keypad Blitz II
pecheneg
Multiple Oscar Actors
pecheneg
Mystery Phrase Blitz: Oscar 'Best Actors'
pecheneg
F. Scott Fitzgerald Novels
LTH
Pick 3 Villains
ddd62291
Trending Topics
Harry Potter
Anime
Marvel
NBA
Kpop
Disney
Crossword
WWE
Pokémon
Soccer
Country
Puzzle
The Office
Song
NFL
Your Account Isn't Verified!
In order to create a playlist on Sporcle, you need to verify the email address you used during registration. Go to your
Sporcle Settings
to finish the process.
Report this User
Report this user for behavior that violates our
Community Guidelines
.
Details:
Send Report
Go to the Sporcle.com Mobile Site →
Comments